The Life and works of Jose Rizal/ (Record no. 364554)
[ view plain ]
| 000 -LEADER | |
|---|---|
| fixed length control field | 00422nam a2200121Ia 4500 |
| 008 - FIXED-LENGTH DATA ELEMENTS--GENERAL INFORMATION | |
| fixed length control field | 201002s9999 xx 000 0 und d |
| 020 ## - INTERNATIONAL STANDARD BOOK NUMBER | |
| International Standard Book Number | 978-971-980-936-4 |
| 100 ## - MAIN ENTRY--PERSONAL NAME | |
| Personal name | Wani-Obias, Rhodalyn |
| 245 ## - TITLE STATEMENT | |
| Statement of responsibility, etc | Rhodalyn Wani-Obias, Aaron Abel Mallari, Janet Reguindin-estella |
| Title | The Life and works of Jose Rizal/ |
| 260 ## - PUBLICATION, DISTRIBUTION, ETC. (IMPRINT) | |
| Place of publication, distribution, etc | Manila: |
| Name of publisher, distributor, etc | C&E Publishing |
| Date of publication, distribution, etc | 2018 |
| 300 ## - PHYSICAL DESCRIPTION | |
| Extent | viii, 181 pages |
| Dimensions | 22 cm. |
| 650 ## - SUBJECT ADDED ENTRY--TOPICAL TERM | |
| Topical term or geographic name as entry element | Rizal, Jose, 1861-1896 |
| Withdrawn status | Lost status | Damaged status | Home library | Current library | Shelving location | Date acquired | Source of acquisition | Total Checkouts | Full call number | Barcode | Date last seen | Price effective from | Koha item type |
|---|---|---|---|---|---|---|---|---|---|---|---|---|---|
| Luxembourg Library | Luxembourg Library | Filipiniana Section | 10/02/2020 | Library Fund | DS 675.8R62 .W36 2018 | 20925 | 10/02/2020 | 10/02/2020 | Books |